Costumbres de Lérida
Zapisane w:
| 1. autor: | |
|---|---|
| Korporacja: | |
| Format: | Książka |
| Język: | hiszpański |
| Wydane: |
Barcelona
Casa Provincial de Caridad
1946
|
| Hasła przedmiotowe: | |
| Etykiety: |
Dodaj etykietę
Nie ma etykietki, Dołącz pierwszą etykiete!
|
MARC
| LEADER | 00000nam a2200000 a 4500 | ||
|---|---|---|---|
| 001 | UCR2409 | ||
| 003 | CL-VaPUC | ||
| 008 | 980112e19460000SP |||||||||||||||||spa|d | ||
| 082 | 0 | 4 | |a 349.46 |b LOS |2 21 |
| 100 | |a Loscertales de Valdeavellano, Pilar |e autora |9 400211 | ||
| 110 | 2 | |a Universidad de Barcelona. Facultad de Derecho |e author |9 400212 | |
| 245 | 1 | 0 | |a Costumbres de Lérida |
| 300 | |a 82 p | ||
| 942 | |c BK | ||
| 945 | |d 19980112 00:00:00 |a cmena | ||
| 260 | |a Barcelona |b Casa Provincial de Caridad |c 1946 | ||
| 650 | 7 | |a FUEROS |2 CL-VaPUC |9 255290 | |
| 650 | 7 | |a LEGISLACION |2 CL-VaPUC |9 400213 | |
| 650 | 0 | |a Normas jurídicas |9 258310 | |
| 650 | 0 | |a Derecho español |9 255291 | |
| 650 | 7 | |a FUENTES |2 CL-VaPUC |9 255666 | |
| 650 | 0 | |a Historia del derecho |9 255109 | |
| 650 | 0 | |a Ordenamiento jurídico |9 355371 | |
| 650 | 0 | |a Derecho privado |9 258243 | |
| 650 | 7 | |a ORDENANZAS MUNICIPALES |2 CL-VaPUC |9 257662 | |
| 651 | 7 | |a LERIDA |2 CL-VaPUC |9 400214 | |
| 651 | 0 | |a España |9 254926 | |
| 583 | |a last modification |c 19980112 00:00:00 |k Rodrigo Vera | ||
| 999 | |c 265577 |d 265575 | ||
| 952 | |0 0 |1 0 |4 0 |6 349_460000000000000_LOS_1946 |7 0 |8 DER_HIS |9 296561 |a BIBDER |b BIBDER |d 2019-11-20 |i 1923927 |o 349.46 LOS 1946 |p 1923927 |r 2023-01-25 |w 2019-11-20 |x Ubicación 4to Piso |y BK |z Estos recursos deben solicitarse con anticipación |k DER | ||